| 000 | 00612nam a2200241Ia 4500 | ||
|---|---|---|---|
| 003 | 0100 | ||
| 008 | 130227s9999 xx 000 0 und d | ||
| 040 | _cARRUPELIB | ||
| 050 | _aJA66.M22 1967 | ||
| 100 | _aMabbott, J. D. | ||
| 245 | 4 | _aThe State and the Citizen | |
| 245 | _ban introduction to political philosophy | ||
| 260 | _aLondon | ||
| 260 | _bHutchinson University Library | ||
| 260 | _C1967 | ||
| 300 | _a175p. | ||
| 300 | _b 22cm. | ||
| 440 | _aPhilosophy No. 8 | ||
| 650 | _bPrussia - Politics | ||
| 650 | _cCivil service - Prussia | ||
| 650 | _dPrussia - Nobility | ||
| 942 |
_2lcc _07 |
||
| 999 |
_c1959 _d1959 |
||